000 00523cam a2200133 4500500
005 20260111091237.0
041 _afre
042 _adc
245 0 0 _aAvalos H., Health Care and the Rise of Christianity, Peabody, Hendrickson, 1999, 22x14, VIII-166 p. ISBN 1-56563-337-7
260 _c2005.
500 _a5
786 0 _nNouvelle revue théologique | 127 | 2 | 2005-03-12 | p. 337r-347r | 0029-4845
856 4 1 _uhttps://shs.cairn.info/revue-nouvelle-revue-theologique-2005-2-page-337r?lang=fr&redirect-ssocas=7080
999 _c1620732
_d1620732